Estatísticas para Catar

Clique aqui para jogar o quiz

Estatísticas Gerais

  • Esse quiz foi jogado 6 vezes
  • A pontuação média é 8 de 15

Estatísticas das Respostas

HintResposta% Correto
Qual é o seu idioma?Árabe
100%
Qual é o único país com que faz fronteira?Arábia Saudita
100%
Onde fica?Ásia
100%
Qual é a sua religião?Islamismo
100%
Qual é o desporto mais praticado?Futebol
83%
Que evento futebolístico receberá o país este ano?Copa do Mundo
67%
Qual é a sua capital?Doha
67%
Como se chama a companhia aérea do país?Qatar Airways
67%
De que país se tornou independente?Reino Unido
67%
Como se chama a sua moeda?Rial
17%
Como se chama o traje tradicional das mulheres?Abaya
0%
O que significa a cor amarela para o país?Deserto
0%
Como se chama o famoso urso que fica dentro do Aeroporto Internacional de Hamad ?Lamp Bear
0%
Qual é o ponto mais alto do país?Qurayn Abu al Bawl
0%
Como se chama o traje tradicional dos homens?Thobe
0%

Distribuição das Pontuações

Percentil de Números Respondidos

Porcentagem de Pessoas com Cada Pontuação

Sua Pontuação Histórica

Você não jogou esse quiz